| 000 | 01152nam1a2200301 i 4500 | ||
|---|---|---|---|
| 001 | RU\NLR\BIBL_A\012151253 | ||
| 005 | 20240727045833.0 | ||
| 010 | _a9785910412556 | ||
| 035 | _a(NLR Aleph) 012151253 | ||
| 090 |
_a12149985 _c12149985 |
||
| 100 | _a20191202g2019 b y0rusy50 ca | ||
| 101 | 0 | _arus | |
| 102 | _aRU | ||
| 105 | _a||||z|||||||| | ||
| 200 | 1 |
_aБольшое путешествие _e[для детей дошкольного и младшего школьного возраста] _eв трех книгах _fКонстантин Певцов _g[художник: К. К. Певцов] |
|
| 210 |
_aСанкт-Петербург _cОбщество памяти игумении Таисии _d2019 |
||
| 215 | _d22 | ||
| 686 | 0 | _aШ9(2)60=Р7-4 | |
| 686 | 0 |
_aШ9 _bЭ |
|
| 700 | 1 |
_aПевцов _bК. К. _gКонстантин Константинович |
|
| 702 | 1 |
_aПевцов _bК. К. _gКонстантин Константинович _4040 |
|
| 852 |
_aNLR _j2019-5/9480 |
||
| 942 | _cBOOK | ||